Major & Minor Teams That Start With M - Statistics

General Stats
  • This quiz has been taken 13 times
  • The average score is 31 of 62
Answer Stats
NCAA % Correct
Memphis Grizzlies
100%
Miami Dolphins
100%
Miami Heat
100%
Milwaukee Bucks
100%
Minnesota Vikings
100%
Minnesota Wild
100%
Montana Grizzlies
100%
Montreal Canadiens
100%
Miami Marlins
91%
Michigan State Spartans
91%
Michigan Wolverines
91%
Milwaukee Brewers
91%
Minnesota Timberwolves
91%
Medicine Hat Tigers
82%
Memphis Tigers
82%
Minnesota Golden Gophers
82%
Minnesota Twins
82%
Missouri Tigers
82%
Miami Hurricanes
73%
Maryland Terrapins
64%
Mercer Bears
64%
Michigan Panthers
64%
Milwaukee Panthers
64%
Mississippi State Bulldogs
64%
Missouri State Bears
64%
Morgan State Bears
64%
Maryland Eastern Shore Hawks
45%
Memphis Redbirds
45%
Minnesota Lynx
45%
Moncton Wildcats
45%
Monmouth Hawks
45%
Maine Mariners
36%
Manchester City
36%
Manchester United
36%
Marquette Golden Eagles
36%
Miami RedHawks
36%
Montana State Bobcats
36%
Montreal Alouettes
36%
Manitoba Moose
27%
Marshall Thundering Herd
27%
Memphis Hustle
27%
Merrimack Warriors
27%
Minnesota United FC
27%
Montgomery Biscuits
27%
Moose Jaw Warriors
27%
Maine Black Bears
18%
Maine Celtics
18%
Manhattan Jaspers
18%
Marist Red Foxes
18%
Middle Tennessee Blue Raiders
18%
Midland RockHounds
18%
Milwaukee Admirals
18%
Mississippi Braves
18%
Modesto Nuts
18%
Morehead State Eagles
18%
Motor City Cruise
18%
Mount St. Mary's Mountaineers
18%
Myrtle Beach Pelicans
18%
McNeese State Cowboys
9%
Mississauga Steelheads
9%
Mississippi Valley State Delta Devils
9%
Murray State Racers
0%
No matching quizzes found
Score Distribution
Percent of People with Each Score
Percentile by Number Answered
Your Score History
You have not taken this quiz